[Event "56th Rubinstein Memorial C 2020"]
[Site "Polanica Zdroj"]
[Date "2020.08.20"]
[Round "6.5"]
[White "Bartlomowicz, Jakub"]
[Black "Witkowski, Krzysztof"]
[Result "1/2-1/2"]
[WhiteElo "1613"]
[BlackElo "1791"]
[Annotator "NA"]
[PlyCount "51"]
[EventDate "2020.08.15"]
[EventType "swiss"]
[EventCountry "POL"]
[SourceTitle "playchess.com"]
[Source "ChessBase"]
[SourceQuality "1"]
[TimeControl "40/5400+30:1800+30"]

1. e4 {[%emt 0:00:00]} c5 {[%emt 0:00:00]} 2. Nf3 {[%emt 0:00:00]} Nc6 {[%emt 0:00:00]} 3. d4 {[%emt 0:00:00]} cxd4 {[%emt 0:00:00]} 4. Nxd4 {[%emt 0:00:00]} Nf6 {[%emt 0:00:00]} 5. Nc3 {[%emt 0:00:26]} e5 {[%emt 0:00:00]} 6. Ndb5 {[%emt 0:00:29]} d6 {[%emt 0:00:04]} 7. Bg5 {[%emt 0:00:57]} a6 {[%emt 0:00:04]} 8. Na3 {[%emt 0:00:06]} b5 {[%emt 0:00:03]} 9. Nd5 {[%emt 0:00:10]} Be7 {[%emt 0:00:05]} 10. Bxf6 Bxf6 {[%emt 0:00:06]} 11. c4 {[%emt 0:01:04]} b4 {[%emt 0:00:21]} 12. Nc2 O-O {[%emt 0:00:12]} 13. Be2 {[%emt 0:03:00]} a5 {[%emt 0:01:26]} 14. O-O {[%emt 0:01:03]} Bg5 {[%emt 0:00:35]} 15. Qd3 {[%emt 0:02:35]} f5 {[%emt 0:16:42]} 16. Bf3 {[%emt 0:02:25]} Ra7 {[%emt 0:11:10]} 17. Rad1 {[%emt 0:04:04]} Ne7 {[%emt 0:09:46]} 18. Nxe7+ {[%emt 0:03:58]} Bxe7 {[%emt 0:00:48]} 19. Ne3 {[%emt 0:00:56]} f4 {[%emt 0:00:49]} 20. Nd5 {[%emt 0:01:30]} Bg5 {[%emt 0:00:07]} 21. b3 {[%emt 0:01:51]} Kh8 {[%emt 0:05:15]} 22. Qe2 {[%emt 0:01:57]} Bb7 {[%emt 0:07:28]} 23. Rd3 {[%emt 0:01:20]} Bxd5 {[%emt 0:00:08]} 24. Rxd5 {[%emt 0:00:09]} Qc7 {[%emt 0:05:15]} 25. Rfd1 {[%emt 0:01:54]} Be7 {[%emt 0:00:13]} 26. Bg4 {[%emt 0:01:01]} 1/2-1/2

[Event "56th Rubinstein Memorial C 2020"]
[Site "Polanica Zdroj"]
[Date "2020.08.20"]
[Round "6.6"]
[White "Janzer, Hubert"]
[Black "Iwanczuk, Krzysztof"]
[Result "1/2-1/2"]
[WhiteElo "1893"]
[BlackElo "1929"]
[Annotator "NA"]
[PlyCount "97"]
[EventDate "2020.08.15"]
[EventType "swiss"]
[EventCountry "POL"]
[SourceTitle "playchess.com"]
[Source "ChessBase"]
[SourceQuality "1"]
[TimeControl "40/5400+30:1800+30"]

1. d4 Nf6 2. Bf4 d5 3. e3 c5 4. c3 Nc6 5. Nd2 Bf5 6. Ngf3 Qb6 7. Qb3 c4 8. Qxb6 axb6 9. Be2 e6 10. O-O b5 11. Nh4 Be4 12. f3 Bd3 13. Bxd3 cxd3 14. g4 Be7 15. Ng2 b4 16. c4 O-O 17. g5 Nh5 18. cxd5 exd5 19. h4 Ra6 20. Nb3 Rfa8 21. Rab1 Rxa2 22. Rfd1 Rc8 23. Nc1 Raa8 24. Nxd3 Na5 25. e4 Nxf4 26. Ngxf4 dxe4 27. fxe4 b3 28. Nd5 Bd8 29. Nc5 b6 30. Nd7 Rc2 31. Ne3 f6 32. gxf6 gxf6 33. e5 fxe5 34. Rf1 Bxh4 35. Nxc2 bxc2 36. Rbc1 Rc8 37. Nxb6 Rc6 38. d5 Rxb6 39. Rxc2 Bg5 40. Kg2 Rd6 41. Rc5 Nb3 42. Rc8+ Bd8 43. Rd1 Nd4 44. Re1 Rxd5 45. Rxe5 Rxe5 46. Rxd8+ Kg7 47. Rxd4 Re2+ 48. Kg3 Rxb2 49. Rd6 1/2-1/2

[Event "56th Rubinstein Memorial C 2020"]
[Site "Polanica Zdroj"]
[Date "2020.08.20"]
[Round "6.7"]
[White "Siekanska, Zuzanna"]
[Black "Kawalko, Adam"]
[Result "*"]
[WhiteElo "1680"]
[BlackElo "1950"]
[Annotator "ChessBase"]
[PlyCount "26"]
[EventDate "2020.08.15"]
[EventType "swiss"]
[EventCountry "POL"]
[SourceTitle "playchess.com"]
[Source "ChessBase"]
[SourceQuality "1"]
[TimeControl "40/5400+30:1800+30"]

1. d4 {[%emt 0:00:00]} Nf6 {[%emt 0:00:00]} 2. c4 {[%emt 0:00:00]} e6 {[%emt 0:00:00]} 3. Nf3 {[%emt 0:00:00]} c5 {[%emt 0:00:00]} 4. d5 {[%emt 0:00:00]} exd5 {[%emt 0:00:38]} 5. cxd5 {[%emt 0:00:01]} d6 {[%emt 0:00:09]} 6. Nc3 {[%emt 0:00:05]} g6 {[%emt 0:01:05]} 7. e4 {[%emt 0:00:08]} Bg7 {[%emt 0:00:47]} 8. h3 {[%emt 0:00:13]} O-O {[%emt 0:01:02]} 9. Bd3 {[%emt 0:00:21]} a6 {[%emt 0:02:07]} 10. a4 {[%emt 0:00:07]} Qc7 {[%emt 0:01:10]} 11. O-O {[%emt 0:00:34]} Nbd7 {[%emt 0:02:26]} 12. Bf4 {[%emt 0:01:06]} Re8 {[%emt 0:05:00]} 13. Nd2 {[%emt 0:05:37]} Ne5 {[%emt 0:03:59]} *

[Event "56th Rubinstein Memorial C 2020"]
[Site "Polanica Zdroj"]
[Date "2020.08.20"]
[Round "6.8"]
[White "Barwinska, Ewa"]
[Black "Lewandrowski, Tomasz"]
[Result "*"]
[WhiteElo "1763"]
[BlackElo "1879"]
[Annotator "NA"]
[PlyCount "23"]
[EventDate "2020.08.15"]
[EventType "swiss"]
[EventCountry "POL"]
[SourceTitle "playchess.com"]
[Source "ChessBase"]
[SourceQuality "1"]
[TimeControl "40/5400+30:1800+30"]

1. e4 {[%emt 0:00:00]} e5 {[%emt 0:00:00]} 2. Nf3 {[%emt 0:00:00]} Nc6 {[%emt 0:00:00]} 3. Bb5 {[%emt 0:00:00]} Nf6 {[%emt 0:00:00]} 4. d3 {[%emt 0:00:04]} Bc5 {[%emt 0:00:30]} 5. Bxc6 {[%emt 0:00:43]} dxc6 {[%emt 0:00:16]} 6. Nbd2 {[%emt 0:00:13]} Bg4 {[%emt 0:09:34]} 7. h3 {[%emt 0:00:27]} Bxf3 {[%emt 0:00:27]} 8. Nxf3 {[%emt 0:00:13]} h6 {[%emt 0:01:36]} 9. Qe2 {[%emt 0:01:10]} Qe7 {[%emt 0:00:35]} 10. Bd2 {[%emt 0:02:13]} O-O-O {[%emt 0:03:08]} 11. O-O-O {[%emt 0:00:30]} Rhe8 {[%emt 0:02:56]} 12. Be3 {[%emt 0:02:04]} *

[Event "56th Rubinstein Memorial C 2020"]
[Site "Polanica Zdroj"]
[Date "2020.08.20"]
[Round "6.9"]
[White "Raclawicki, Kacper"]
[Black "Raczek, Krzysztof"]
[Result "1/2-1/2"]
[WhiteElo "1879"]
[BlackElo "1712"]
[Annotator "NA"]
[PlyCount "46"]
[EventDate "2020.08.15"]
[EventType "swiss"]
[EventCountry "POL"]
[SourceTitle "playchess.com"]
[Source "ChessBase"]
[SourceQuality "1"]
[TimeControl "40/5400+30:1800+30"]

1. d4 {[%emt 0:08:26]} Nf6 {[%emt 0:00:00]} 2. Bf4 {[%emt 0:00:23]} g6 {[%emt 0:00:01]} 3. Nc3 {[%emt 0:00:35]} d5 {[%emt 0:00:12]} 4. e3 {[%emt 0:00:37]} Bg7 {[%emt 0:01:49]} 5. h4 {[%emt 0:00:29]} c6 {[%emt 0:00:27]} 6. Nf3 {[%emt 0:00:50]} Bg4 {[%emt 0:00:30]} 7. Be2 {[%emt 0:00:39]} h5 {[%emt 0:01:50]} 8. Ne5 {[%emt 0:00:46]} Bxe2 {[%emt 0:00:12]} 9. Qxe2 {[%emt 0:00:04]} Nfd7 {[%emt 0:00:19]} 10. O-O-O {[%emt 0:07:50]} Nxe5 {[%emt 0:19:55]} 11. Bxe5 {[%emt 0:00:26]} Bxe5 {[%emt 0:06:27]} 12. dxe5 {[%emt 0:00:04]} Qa5 {[%emt 0:00:35]} 13. e4 {[%emt 0:06:07]} dxe4 {[%emt 0:10:22]} 14. Qxe4 {[%emt 0:02:52]} e6 {[%emt 0:00:11]} 15. Qf4 {[%emt 0:10:33]} Nd7 {[%emt 0:27:24]} 16. Rxd7 {[%emt 0:19:19]} Kxd7 {[%emt 0:00:03]} 17. Qxf7+ {[%emt 0:00:52]} Kc8 {[%emt 0:00:08]} 18. Qxe6+ {[%emt 0:02:27]} Kc7 {[%emt 0:01:44]} 19. Qd6+ {[%emt 0:13:25]} Kb6 {[%emt 0:00:17]} 20. Rd1 {[%emt 0:00:32]} Rad8 {[%emt 0:01:09]} 21. Nd5+ Ka6 {[%emt 0:00:43]} 22. Nc7+ {[%emt 0:11:20]} Kb6 {[%emt 0:00:58]} 23. Nd5+ {[%emt 0:04:38]} Ka6 {[%emt 0:00:23]} 1/2-1/2

[Event "56th Rubinstein Memorial C 2020"]
[Site "Polanica Zdroj"]
[Date "2020.08.20"]
[Round "6.10"]
[White "Rudecki, Bartosz"]
[Black "Trusz, Julia"]
[Result "1-0"]
[WhiteElo "1831"]
[BlackElo "1645"]
[Annotator "NA"]
[PlyCount "53"]
[EventDate "2020.08.15"]
[EventType "swiss"]
[EventCountry "POL"]
[SourceTitle "playchess.com"]
[Source "ChessBase"]
[SourceQuality "1"]
[TimeControl "40/5400+30:1800+30"]

1. e4 {[%emt 0:00:00]} c5 {[%emt 0:00:00]} 2. Nf3 {[%emt 0:00:00]} e6 {[%emt 0:00:00]} 3. d4 {[%emt 0:00:00]} cxd4 {[%emt 0:00:10]} 4. Nxd4 {[%emt 0:00:00]} Nc6 {[%emt 0:00:21]} 5. Nc3 {[%emt 0:00:00]} a6 {[%emt 0:00:25]} 6. g3 {[%emt 0:00:21]} Nf6 {[%emt 0:01:25]} 7. Bg2 {[%emt 0:01:29]} Be7 {[%emt 0:00:59]} 8. O-O {[%emt 0:00:10]} O-O {[%emt 0:00:11]} 9. a4 {[%emt 0:00:56]} Qc7 {[%emt 0:02:07]} 10. Be3 {[%emt 0:06:23]} Rd8 {[%emt 0:02:17]} 11. Nb3 {[%emt 0:00:39]} Na5 {[%emt 0:01:24]} 12. e5 {[%emt 0:05:24]} Ne8 {[%emt 0:00:31]} 13. Nxa5 {[%emt 0:05:04]} Qxa5 {[%emt 0:00:10]} 14. Qe2 {[%emt 0:11:28]} d5 {[%emt 0:04:42]} 15. exd6 {[%emt 0:01:45]} Nxd6 {[%emt 0:00:35]} 16. Bd2 {[%emt 0:04:56]} Qc7 {[%emt 0:02:45]} 17. Bf4 {[%emt 0:01:30]} Bd7 {[%emt 0:08:54]} 18. Nd5 {[%emt 0:00:50]} exd5 {[%emt 0:10:18]} 19. Qxe7 {[%emt 0:00:08]} Nf5 {[%emt 0:07:21]} 20. Bxc7 {[%emt 0:00:54]} Nxe7 {[%emt 0:00:05]} 21. Bxd8 {[%emt 0:00:10]} Rxd8 {[%emt 0:00:04]} 22. c4 {[%emt 0:00:58]} Bg4 {[%emt 0:05:17]} 23. cxd5 {[%emt 0:00:44]} Nxd5 {[%emt 0:00:43]} 24. Rad1 {[%emt 0:00:37]} Be6 {[%emt 0:01:23]} 25. Rxd5 {[%emt 0:00:06]} Rxd5 {[%emt 0:00:18]} 26. Bxd5 {[%emt 0:00:05]} Bxd5 {[%emt 0:00:06]} 27. Rd1 {[%emt 0:00:03]} 1-0

[Event "56th Rubinstein Memorial C 2020"]
[Site "Polanica Zdroj"]
[Date "2020.08.20"]
[Round "6.11"]
[White "Lambrecht, Tomasz"]
[Black "Karut, Kacper"]
[Result "*"]
[WhiteElo "1750"]
[BlackElo "1638"]
[Annotator "NA"]
[PlyCount "21"]
[EventDate "2020.08.15"]
[EventType "swiss"]
[EventCountry "POL"]
[SourceTitle "playchess.com"]
[Source "ChessBase"]
[SourceQuality "1"]
[TimeControl "40/5400+30:1800+30"]

1. d4 {[%emt 0:00:00]} Nf6 {[%emt 0:00:00]} 2. c4 {[%emt 0:00:00]} g6 {[%emt 0:00:00]} 3. Nc3 {[%emt 0:00:19]} Bg7 {[%emt 0:00:00]} 4. e4 {[%emt 0:00:20]} d6 {[%emt 0:00:00]} 5. Be2 {[%emt 0:00:30]} O-O {[%emt 0:00:08]} 6. Be3 {[%emt 0:00:22]} e5 {[%emt 0:00:36]} 7. d5 {[%emt 0:00:51]} a5 {[%emt 0:00:21]} 8. g4 {[%emt 0:01:07]} Na6 {[%emt 0:00:51]} 9. g5 {[%emt 0:03:04]} Ne8 {[%emt 0:07:22]} 10. h4 {[%emt 0:00:39]} f5 {[%emt 0:07:53]} 11. gxf6 {[%emt 0:02:03]} *

[Event "56th Rubinstein Memorial C 2020"]
[Site "Polanica Zdroj"]
[Date "2020.08.20"]
[Round "6.12"]
[White "Kejna, Piotr"]
[Black "Jedrzejko, Martyna"]
[Result "1-0"]
[WhiteElo "1767"]
[BlackElo "1570"]
[Annotator "NA"]
[PlyCount "121"]
[EventDate "2020.08.15"]
[EventType "swiss"]
[EventCountry "POL"]
[SourceTitle "playchess.com"]
[Source "ChessBase"]
[SourceQuality "1"]
[TimeControl "40/5400+30:1800+30"]

1. Nf3 {[%emt 0:00:00]} c5 {[%emt 0:01:31]} 2. g3 {[%emt 0:00:00]} d5 {[%emt 0:01:43]} 3. Bg2 {[%emt 0:00:00]} g6 {[%emt 0:02:46]} 4. d3 {[%emt 0:01:27]} Bg7 {[%emt 0:00:54]} 5. c3 {[%emt 0:00:24]} Nc6 {[%emt 0:01:19]} 6. O-O {[%emt 0:00:14]} e6 {[%emt 0:06:17]} 7. Nbd2 {[%emt 0:00:41]} Nge7 {[%emt 0:00:22]} 8. e4 {[%emt 0:01:49]} O-O {[%emt 0:09:20]} 9. a4 {[%emt 0:02:29]} Rb8 {[%emt 0:06:07]} 10. Re1 {[%emt 0:04:06]} d4 {[%emt 0:03:40]} 11. cxd4 {[%emt 0:00:36]} Nxd4 {[%emt 0:00:16]} 12. Nxd4 {[%emt 0:01:30]} cxd4 {[%emt 0:03:34]} 13. Nc4 {[%emt 0:01:19]} e5 {[%emt 0:02:21]} 14. Bd2 {[%emt 0:01:10]} Be6 {[%emt 0:04:29]} 15. b3 {[%emt 0:00:26]} Nc6 {[%emt 0:01:55]} 16. f4 {[%emt 0:02:47]} f6 {[%emt 0:00:37]} 17. Qc2 {[%emt 0:04:44]} a5 {[%emt 0:06:49]} 18. Rab1 {[%emt 0:05:59]} b5 {[%emt 0:05:18]} 19. Na3 {[%emt 0:05:22]} Na7 {[%emt 0:03:17]} 20. Qc5 {[%emt 0:08:56]} Rf7 {[%emt 0:05:05]} 21. Nxb5 {[%emt 0:02:15]} Nxb5 {[%emt 0:01:34]} 22. axb5 {[%emt 0:00:12]} Bf8 {[%emt 0:01:54]} 23. Qc2 {[%emt 0:06:04]} Rxb5 {[%emt 0:01:45]} 24. Qc6 {[%emt 0:09:58]} Qd7 {[%emt 0:04:01]} 25. Qa6 {[%emt 0:02:48]} Rxb3 {[%emt 0:02:58]} 26. Bxa5 {[%emt 0:12:10]} Qb7 {[%emt 0:05:58]} 27. Qxb7 {[%emt 0:01:29]} Rfxb7 {[%emt 0:00:06]} 28. Rxb3 {[%emt 0:00:27]} Rxb3 {[%emt 0:00:10]} 29. fxe5 {[%emt 0:02:33]} fxe5 {[%emt 0:00:24]} 30. Bf1 {[%emt 0:01:31]} Bh6 {[%emt 0:07:06]} 31. Bc7 {[%emt 0:01:03]} Be3+ {[%emt 0:06:19]} 32. Kh1 {[%emt 0:02:14]} Bg4 {[%emt 0:01:00]} 33. Bxe5 {[%emt 0:02:48]} Rxd3 {[%emt 0:00:28]} 34. Be2 {[%emt 0:05:17]} Bxe2 {[%emt 0:00:33]} 35. Rxe2 {[%emt 0:00:11]} Bh6 {[%emt 0:02:28]} 36. Kg2 {[%emt 0:01:37]} Re3 {[%emt 0:00:42]} 37. Rxe3 {[%emt 0:00:21]} Bxe3 {[%emt 0:00:07]} 38. Kf3 {[%emt 0:00:17]} Kf7 {[%emt 0:00:12]} 39. Ke2 {[%emt 0:00:13]} Ke6 {[%emt 0:00:21]} 40. Bh8 {[%emt 0:00:00]} Bg1 {[%emt 0:00:00]} 41. h3 {[%emt 0:00:39]} Kd6 {[%emt 0:02:43]} 42. Kd3 {[%emt 0:00:35]} Kc5 {[%emt 0:00:10]} 43. Bf6 {[%emt 0:00:59]} Be3 {[%emt 0:01:02]} 44. Be7+ {[%emt 0:00:14]} Kb5 {[%emt 0:00:57]} 45. Bd6 {[%emt 0:01:52]} Kc6 {[%emt 0:01:01]} 46. Bb8 {[%emt 0:00:13]} Kc5 {[%emt 0:04:20]} 47. Ba7+ {[%emt 0:00:05]} Kd6 {[%emt 0:00:03]} 48. Bxd4 {[%emt 0:00:07]} Bxd4 {[%emt 0:00:02]} 49. Kxd4 {[%emt 0:00:06]} Ke6 {[%emt 0:00:35]} 50. e5 {[%emt 0:00:30]} h6 {[%emt 0:01:56]} 51. Ke4 {[%emt 0:00:24]} h5 {[%emt 0:00:49]} 52. h4 {[%emt 0:00:06]} Ke7 {[%emt 0:01:03]} 53. Kd5 {[%emt 0:00:13]} Kd7 {[%emt 0:00:45]} 54. e6+ {[%emt 0:00:06]} Ke7 {[%emt 0:00:07]} 55. Ke5 {[%emt 0:00:05]} Ke8 {[%emt 0:00:14]} 56. Kf6 {[%emt 0:00:04]} Kf8 {[%emt 0:00:04]} 57. e7+ {[%emt 0:00:16]} Ke8 {[%emt 0:00:04]} 58. Ke6 {[%emt 0:00:11]} g5 {[%emt 0:00:06]} 59. hxg5 {[%emt 0:00:06]} h4 {[%emt 0:00:07]} 60. g6 {[%emt 0:00:07]} hxg3 {[%emt 0:00:05]} 61. g7 {[%emt 0:00:06]} 1-0

[Event "56th Rubinstein Memorial C 2020"]
[Site "Polanica Zdroj"]
[Date "2020.08.20"]
[Round "6.13"]
[White "Plichta, Krzysztof"]
[Black "Grot, Blazej"]
[Result "1-0"]
[WhiteElo "1605"]
[BlackElo "1768"]
[Annotator "NA"]
[PlyCount "81"]
[EventDate "2020.08.15"]
[EventType "swiss"]
[EventCountry "POL"]
[SourceTitle "playchess.com"]
[Source "ChessBase"]
[SourceQuality "1"]
[TimeControl "40/5400+30:1800+30"]

1. d4 {[%emt 0:04:22]} Nf6 {[%emt 0:00:00]} 2. Nf3 {[%emt 0:04:30]} e6 {[%emt 0:00:54]} 3. Bf4 {[%emt 0:03:25]} d5 {[%emt 0:00:27]} 4. e3 {[%emt 0:00:30]} c5 {[%emt 0:01:11]} 5. c3 {[%emt 0:02:26]} Nc6 {[%emt 0:01:27]} 6. Bd3 {[%emt 0:03:12]} Bd6 {[%emt 0:00:23]} 7. Bg3 {[%emt 0:08:08]} O-O {[%emt 0:00:55]} 8. Nbd2 {[%emt 0:01:33]} Qe7 {[%emt 0:01:04]} 9. Bh4 {[%emt 0:12:27]} e5 {[%emt 0:03:45]} 10. dxe5 {[%emt 0:02:14]} Nxe5 {[%emt 0:02:59]} 11. Nxe5 {[%emt 0:00:38]} Bxe5 {[%emt 0:01:21]} 12. Qh5 {[%emt 0:08:55]} h6 {[%emt 0:04:07]} 13. Nf3 {[%emt 0:02:39]} Bd6 {[%emt 0:01:32]} 14. Bxf6 {[%emt 0:01:09]} Qxf6 {[%emt 0:00:07]} 15. Qxd5 {[%emt 0:01:08]} Rd8 {[%emt 0:00:10]} 16. Qe4 {[%emt 0:02:57]} g6 {[%emt 0:00:21]} 17. Qh4 {[%emt 0:02:07]} Qxh4 {[%emt 0:00:25]} 18. Nxh4 {[%emt 0:00:17]} Be7 {[%emt 0:00:05]} 19. Nxg6 {[%emt 0:02:49]} Rxd3 {[%emt 0:00:38]} 20. Nxe7+ {[%emt 0:00:15]} Kf8 {[%emt 0:00:04]} 21. Nxc8 {[%emt 0:00:32]} Rxc8 {[%emt 0:00:13]} 22. Rd1 {[%emt 0:01:07]} Rxd1+ {[%emt 0:00:09]} 23. Kxd1 {[%emt 0:00:07]} Ke7 {[%emt 0:00:03]} 24. Ke2 {[%emt 0:00:35]} Rc6 {[%emt 0:00:05]} 25. Rd1 {[%emt 0:01:02]} Ra6 {[%emt 0:00:12]} 26. a3 {[%emt 0:00:20]} Rb6 {[%emt 0:00:03]} 27. Rd2 {[%emt 0:00:35]} Ke6 {[%emt 0:00:09]} 28. f4 {[%emt 0:00:44]} f5 {[%emt 0:00:19]} 29. Kf3 {[%emt 0:00:16]} c4 {[%emt 0:00:39]} 30. g4 {[%emt 0:00:59]} fxg4+ {[%emt 0:00:35]} 31. Kxg4 {[%emt 0:00:17]} Kf6 {[%emt 0:00:06]} 32. e4 {[%emt 0:00:22]} Rb5 {[%emt 0:00:06]} 33. f5 {[%emt 0:02:10]} a5 {[%emt 0:01:02]} 34. Kf4 {[%emt 0:00:38]} h5 {[%emt 0:00:07]} 35. e5+ {[%emt 0:00:17]} Ke7 {[%emt 0:00:05]} 36. f6+ {[%emt 0:01:29]} Ke6 {[%emt 0:00:08]} 37. Rd6+ {[%emt 0:00:06]} Kf7 {[%emt 0:00:04]} 38. Rd7+ {[%emt 0:01:08]} Ke8 {[%emt 0:00:11]} 39. e6 {[%emt 0:00:19]} Rb6 {[%emt 0:00:17]} 40. f7+ {[%emt 0:00:00]} Kf8 {[%emt 0:00:00]} 41. Rd8+ {[%emt 0:00:26]} 1-0

[Event "56th Rubinstein Memorial C 2020"]
[Site "Polanica Zdroj"]
[Date "2020.08.20"]
[Round "6.14"]
[White "Szopa, Emilia"]
[Black "Zalega, Maciej"]
[Result "1-0"]
[WhiteElo "1628"]
[BlackElo "1743"]
[Annotator "NA"]
[PlyCount "67"]
[EventDate "2020.08.15"]
[EventType "swiss"]
[EventCountry "POL"]
[SourceTitle "playchess.com"]
[Source "ChessBase"]
[SourceQuality "1"]
[TimeControl "40/5400+30:1800+30"]

1. e4 {[%emt 0:00:00]} c5 {[%emt 0:00:00]} 2. Nf3 {[%emt 0:00:02]} d6 {[%emt 0:00:00]} 3. d4 {[%emt 0:00:30]} cxd4 {[%emt 0:00:00]} 4. Nxd4 {[%emt 0:00:08]} Nf6 {[%emt 0:00:02]} 5. Nc3 {[%emt 0:00:08]} Nc6 {[%emt 0:00:02]} 6. f3 {[%emt 0:01:12]} e5 {[%emt 0:00:10]} 7. Nb3 {[%emt 0:00:05]} Be7 {[%emt 0:00:36]} 8. Be3 {[%emt 0:00:17]} O-O {[%emt 0:00:33]} 9. Be2 {[%emt 0:01:23]} a5 {[%emt 0:01:07]} 10. O-O {[%emt 0:00:42]} a4 {[%emt 0:04:21]} 11. Nd2 {[%emt 0:00:12]} a3 {[%emt 0:13:04]} 12. b3 {[%emt 0:03:35]} Qa5 {[%emt 0:02:23]} 13. Na4 {[%emt 0:04:11]} b5 {[%emt 0:02:22]} 14. Nb6 {[%emt 0:03:57]} Rb8 {[%emt 0:01:32]} 15. Nxc8 {[%emt 0:02:28]} Rbxc8 {[%emt 0:02:47]} 16. c4 {[%emt 0:01:17]} Nb4 {[%emt 0:02:10]} 17. Bf2 {[%emt 0:03:00]} Rfd8 {[%emt 0:07:48]} 18. cxb5 {[%emt 0:03:33]} d5 {[%emt 0:00:47]} 19. exd5 {[%emt 0:02:59]} Rxd5 {[%emt 0:05:01]} 20. Bc4 {[%emt 0:00:58]} Rd7 {[%emt 0:00:58]} 21. Qe2 {[%emt 0:02:36]} Nc2 {[%emt 0:01:11]} 22. Rad1 {[%emt 0:01:03]} Nb4 {[%emt 0:34:34]} 23. Qxe5 {[%emt 0:15:35]} Nxa2 {[%emt 0:04:14]} 24. Ne4 {[%emt 0:01:16]} Rcd8 {[%emt 0:06:31]} 25. Rxd7 {[%emt 0:01:17]} Rxd7 {[%emt 0:00:09]} 26. Nxf6+ {[%emt 0:00:36]} gxf6 {[%emt 0:00:02]} 27. Qh5 {[%emt 0:00:12]} Qd8 {[%emt 0:00:41]} 28. Qxf7+ {[%emt 0:03:32]} Kh8 {[%emt 0:00:03]} 29. Re1 {[%emt 0:00:46]} Nc3 {[%emt 0:05:29]} 30. Rxe7 {[%emt 0:01:38]} Rd1+ {[%emt 0:00:38]} 31. Be1 {[%emt 0:03:02]} Ne2+ {[%emt 0:02:15]} 32. Rxe2 {[%emt 0:00:28]} a2 {[%emt 0:00:09]} 33. Re8+ {[%emt 0:00:15]} Qxe8 {[%emt 0:00:02]} 34. Qxf6# {[%emt 0:00:04]} 1-0

[Event "56th Rubinstein Memorial C 2020"]
[Site "Polanica Zdroj"]
[Date "2020.08.20"]
[Round "6.15"]
[White "Ciechonski, Piotr"]
[Black "Kolodziejski, Grzegorz"]
[Result "1/2-1/2"]
[WhiteElo "1774"]
[BlackElo "1550"]
[Annotator "NA"]
[PlyCount "98"]
[EventDate "2020.08.15"]
[EventType "swiss"]
[EventCountry "POL"]
[SourceTitle "playchess.com"]
[Source "ChessBase"]
[SourceQuality "1"]
[TimeControl "40/5400+30:1800+30"]

1. e4 c5 2. Nc3 Nc6 3. f4 g6 4. Nf3 Bg7 5. Bc4 e6 6. d3 Nge7 7. f5 exf5 8. O-O O-O 9. Bg5 fxe4 10. dxe4 h6 11. Bh4 d6 12. Nb5 a6 13. Nxd6 Be6 14. c3 Bxc4 15. Nxc4 b5 16. Ne3 Qb6 17. Qc2 c4 18. Bf2 Qb7 19. Rad1 Rad8 20. Nd5 Nxd5 21. exd5 Ne7 22. Bc5 Rfe8 23. d6 Nf5 24. Rfe1 Rxe1+ 25. Nxe1 Qc6 26. Qf2 Nxd6 27. Nf3 Nb7 28. Rxd8+ Nxd8 29. Bd4 Ne6 30. Bxg7 Nxg7 31. Qa7 Nf5 32. Qxf7+ Kxf7 33. Ne5+ Ke6 34. Nxc6 Kd6 35. Nb4 a5 36. Nc2 Kc5 37. Kf2 b4 38. g4 Nd6 39. cxb4+ axb4 40. Ke3 Nb5 41. Ke4 b3 42. axb3 cxb3 43. Ne3 Nd4 44. Nd5 Nf3 45. Kxf3 Kxd5 46. Ke3 h5 47. gxh5 gxh5 48. Kd3 h4 49. h3 Ke5 1/2-1/2